| 000 | 00664nam a22001937a 4500 | ||
|---|---|---|---|
| 005 | 20170810154520.0 | ||
| 010 | _aENG-119667 | ||
| 020 |
_a8178243555 _c695.00 |
||
| 035 | _aEN-103199 | ||
| 037 | _bDBAD/PUB | ||
| 082 | _a305.5688 | ||
| 100 | _aRawat, Ramnarayan S. | ||
| 245 |
_aReconsidering untouchability : _cby Ramnarayan S. Rawat _bChamars and dalit history in North India / |
||
| 260 |
_aRanikhet _bPermanent Black _c2012 |
||
| 270 |
_a'Himalayana', Mall Road, Ranikhet Cantt, _bRanikhet _e263645 |
||
| 300 |
_axix,272p.; _c22cm(Hb) _bill. |
||
| 500 | _aIncludes bibliographical references and index | ||
| 942 |
_2ddc _cEN _h305.5688 _mRAW |
||
| 999 |
_c143242 _d143242 |
||